000 00687nam a2200205Ii 4500
003 JO-AjNU
008 230606s9999||||xx |||||||||||||| ||und||
020 _a978-0-204-57106-2 / 0-205-57106-9
040 _aJO-AjNU
_beng
_erda
_cJO-AjNU
041 _aeng
050 1 4 _aLC1201.f75 2009
100 3 _aFrind, Marilyn Friends , William D.Bursuck,
_eauthor
_986
245 0 0 _aIncluding Students With Special Needs: A Practical Guide For Classroom Teachers
264 3 1 _aNew York:PEARSON Longman,2009
300 _a575P
336 _atext
_btxt
_2rdacontent
337 _aunmediated
_bn
_2rdamedia
338 _avolume
_bnc
_2rdacarrier
650 4 _aInclusive education - Special education
_987
999 _aE47
_c47
_d47